Terre haute /

Enregistré dans:
Détails bibliographiques
Auteur principal: Aitken, Will (Auteur)
Format: Livre
Langue:anglais
Publié: London : GMP, 1990
Tags: Ajouter un tag
Pas de tags, Soyez le premier à ajouter un tag!

MARC

LEADER 00000nam a22000007i 4500
001 IT\ICCU\UBO\2242434
003 ItRI
005 20260115231824.0
008 030708s1990 xxk|||||| ||||| |||||c
020 |a 0854491317 
040 |b ita  |c importazione bologna sebina 
041 7 |a eng  |2 ISO-639-2 
100 1 |a Aitken, Will  |0 IT\ICCU\UBOV\811013  |4 aut 
245 1 0 |a Terre haute /  |c Will Aitken. 
260 |a London :  |b GMP,  |c 1990 
300 |a 274 p. ;  |c 20 cm. 
942 |2 ddc  |c BK  |n 0 
952 |0 0  |1 0  |4 0  |6 DOC_813_540000000000000_AIT  |7 0  |9 13557  |a BO  |b BO  |d 2026-01-15  |i 3474  |l 0  |o DOC 813.54 AIT  |p BO3474  |r 2026-01-15 23:18:24  |w 2026-01-15  |x [Sebina 5] [1 v.]  |y BK  |z 1 v. 
999 |c 11656  |d 11656